[Event "Muensterland Regionalliga 2526"]
[Site "Germany"]
[Date "2025.11.08"]
[Round "3"]
[Board "2"]
[White "Bartsch, Jan"]
[Black "Lemli, Thomas"]
[Result "0-1"]
[WhiteElo "1883"]
[BlackElo "1965"]
[WhiteFideId "-1"]
[BlackFideId "-1"]
[PlyCount "114"]
[GameId "2095107169440957"]
[EventDate "2025.??.??"]
[EventType "team-tourn"]
[EventRounds "9"]
[EventCountry "GER"]
[SourceTitle "Verband Muensterland"]
[SourceDate "2025.09.21"]
[SourceVersion "1"]
[SourceVersionDate "2025.09.21"]
[SourceQuality "1"]
[WhiteTeam "Saerbeck"]
[BlackTeam "Emsdetten Rochade"]
[WhiteTeamCountry "GER"]
[BlackTeamCountry "GER"]

1. d4 d5 2. Nc3 e6 3. Bf4 c5 4. e3 a6 5. Nf3 Nc6 6. a3 Bd6 7. dxc5 Bxc5 8. Ne5 Nxe5 9. Bxe5 f6 10. Bg3 Ne7 11. Bd3 e5 12. Na4 Ba7 13. O-O Be6 14. b3 O-O 15. Nb2 b5 16. a4 Qd7 17. axb5 axb5 18. Qe2 b4 19. Bb5 Qb7 20. Ba6 Qc7 21. Nd3 Bc5 22. Nxc5 Qxc5 23. f3 Nf5 24. Bf2 Nd6 25. e4 d4 26. Bd3 Bd7 27. Rfc1 Rfc8 28. Kf1 Bb5 29. Be1 Bxd3 30. Qxd3 Nb5 31. Ke2 Rxa1 32. Rxa1 Qxc2+ 33. Qxc2 Rxc2+ 34. Kd3 Rxg2 35. Bxb4 Rf2 36. Kc4 Nc3 37. Bxc3 dxc3 38. b4 Kf7 39. Kc5 Rb2 40. b5 c2 41. Rc1 Ke7 42. Kc6 Kd8 43. b6 Kc8 44. Ra1 Kb8 45. Rc1 g6 46. h3 h6 47. h4 h5 48. Kd7 g5 49. hxg5 fxg5 50. Ke6 g4 51. f4 exf4 52. Kd7 f3 53. e5 f2 54. e6 Rxb6 55. e7 Rb7+ 56. Kd8 Rxe7 57. Re1 Rxe1 0-1

[Event "Muensterland Regionalliga 2526"]
[Site "Germany"]
[Date "2025.11.08"]
[Round "3"]
[Board "3"]
[White "Delere, Adrian"]
[Black "Waltermann, Jens"]
[Result "0-1"]
[WhiteElo "1823"]
[BlackElo "1812"]
[WhiteFideId "-1"]
[BlackFideId "-1"]
[PlyCount "80"]
[GameId "2095107233178822"]
[EventDate "2025.??.??"]
[EventType "team-tourn"]
[EventRounds "9"]
[EventCountry "GER"]
[SourceTitle "Verband Muensterland"]
[SourceDate "2025.09.21"]
[SourceVersion "1"]
[SourceVersionDate "2025.09.21"]
[SourceQuality "1"]
[WhiteTeam "Emsdetten Rochade"]
[BlackTeam "Saerbeck"]
[WhiteTeamCountry "GER"]
[BlackTeamCountry "GER"]

1. f4 d5 2. Nf3 c5 3. e3 Nc6 4. d4 Nf6 5. b3 cxd4 6. exd4 Bg4 7. Be2 e6 8. O-O Qb6 9. c3 h5 10. Bb2 Bd6 11. Ng5 Bf5 12. Na3 a6 13. Nc2 Ng4 14. Bd3 Ne7 15. h3 Nf6 16. Ne3 g6 17. Nxf5 Nxf5 18. Qf3 Be7 19. Rae1 Ng7 20. Re2 Rf8 21. Rfe1 O-O-O 22. Kh1 Rd7 23. c4 Kb8 24. cxd5 Nxd5 25. Bc4 Bxg5 26. fxg5 Nf5 27. Re5 Rfd8 28. Rd1 Nb4 29. Qf4 Ka8 30. d5 exd5 31. Bd3 Nxd3 32. Rxd3 d4 33. Re4 h4 34. Kg1 Qc5 35. Kh1 Ng3+ 36. Kh2 Nxe4 37. Qxe4 Qxg5 38. Bxd4 f5 39. Qe5 Rxd4 40. Rxd4 Qg3+ 0-1

[Event "Muensterland Regionalliga 2526"]
[Site "Germany"]
[Date "2025.11.08"]
[Round "3"]
[Board "4"]
[White "Hoge, Reinhard"]
[Black "Ll, David"]
[Result "1/2-1/2"]
[WhiteElo "1854"]
[BlackElo "1793"]
[WhiteFideId "-1"]
[BlackFideId "-1"]
[PlyCount "132"]
[GameId "2095107319190735"]
[EventDate "2025.??.??"]
[EventType "team-tourn"]
[EventRounds "9"]
[EventCountry "GER"]
[SourceTitle "Verband Muensterland"]
[SourceDate "2025.09.21"]
[SourceVersion "1"]
[SourceVersionDate "2025.09.21"]
[SourceQuality "1"]
[WhiteTeam "Saerbeck"]
[BlackTeam "Emsdetten Rochade"]
[WhiteTeamCountry "GER"]
[BlackTeamCountry "GER"]

1. d4 c6 2. c4 d5 3. Nf3 Nf6 4. Nc3 e6 5. Bg5 Be7 6. e3 Nbd7 7. cxd5 cxd5 8. Bd3 O-O 9. O-O Ne8 10. Bxe7 Qxe7 11. Rc1 b6 12. Qe2 Bb7 13. Nb5 Nd6 14. Rc7 Rfc8 15. Qc2 Ba6 16. a4 Qd8 17. Rc1 Bxb5 18. Bxb5 Nf6 19. Ba6 Rxc7 20. Qxc7 Nfe8 21. Qc6 Rb8 22. h3 b5 23. axb5 Rb6 24. Qc5 f6 25. Ne1 Qb8 26. Nd3 Kf7 27. Nf4 g5 28. Nd3 Nxb5 29. Bxb5 Rxb5 30. Qc6 Qb7 31. Qc2 Kg7 32. b4 Rb6 33. Qa4 Nd6 34. Ra1 Nb5 35. Nc5 Qe7 36. Qc2 Rc6 37. Ra5 Nd6 38. Qa2 Nc8 39. Ra6 Qd6 40. b5 Rxa6 41. bxa6 Qb6 42. Qa4 Kf7 43. Qd7+ Ne7 44. Qb7 Qa5 45. g3 h5 46. Qxa7 g4 47. hxg4 hxg4 48. Qd7 Qe1+ 49. Kg2 Qe2 50. Qxe6+ Kg6 51. Nd3 Qxd3 52. Qxe7 Qxa6 53. Qd7 Qe2 54. Qxd5 f5 55. Qd6+ Kg5 56. Qf4+ Kf6 57. d5 Qd3 58. Qh6+ Ke7 59. Qe6+ Kf8 60. d6 Qe4+ 61. Qxe4 fxe4 62. Kf1 Ke8 63. Ke2 Kd7 64. Kd2 Kxd6 65. Kc2 Kc6 66. Kb3 Kb5 1/2-1/2

[Event "Muensterland Regionalliga 2526"]
[Site "Germany"]
[Date "2025.11.08"]
[Round "3"]
[Board "5"]
[White "Nordholt, Uwe"]
[Black "Bartsch, Rainer"]
[Result "1/2-1/2"]
[WhiteElo "1766"]
[BlackElo "1663"]
[WhiteFideId "-1"]
[BlackFideId "-1"]
[PlyCount "38"]
[GameId "2095107403830488"]
[EventDate "2025.??.??"]
[EventType "team-tourn"]
[EventRounds "9"]
[EventCountry "GER"]
[SourceTitle "Verband Muensterland"]
[SourceDate "2025.09.21"]
[SourceVersion "1"]
[SourceVersionDate "2025.09.21"]
[SourceQuality "1"]
[WhiteTeam "Emsdetten Rochade"]
[BlackTeam "Saerbeck"]
[WhiteTeamCountry "GER"]
[BlackTeamCountry "GER"]

1. d4 d5 2. c4 e6 3. Nc3 c6 4. Nf3 f5 5. cxd5 exd5 6. e3 Nf6 7. Bd3 Bd6 8. Qc2 Ne4 9. Bd2 Nd7 10. h3 Ndf6 11. Rg1 Qe7 12. Rf1 Bd7 13. O-O-O O-O 14. Ng1 Nxc3 15. Bxc3 Ne4 16. Rde1 b5 17. Ne2 b4 18. Bd2 a5 19. f3 Nxd2 1/2-1/2

[Event "Muensterland Regionalliga 2526"]
[Site "Germany"]
[Date "2025.11.08"]
[Round "3"]
[Board "7"]
[White "Cremann, Jannis"]
[Black "Bloemker, Stephan"]
[Result "1-0"]
[WhiteElo "1661"]
[BlackElo "1554"]
[WhiteFideId "-1"]
[BlackFideId "-1"]
[PlyCount "87"]
[GameId "2095107553645802"]
[EventDate "2025.??.??"]
[EventType "team-tourn"]
[EventRounds "9"]
[EventCountry "GER"]
[SourceTitle "Verband Muensterland"]
[SourceDate "2025.09.21"]
[SourceVersion "1"]
[SourceVersionDate "2025.09.21"]
[SourceQuality "1"]
[WhiteTeam "Emsdetten Rochade"]
[BlackTeam "Saerbeck"]
[WhiteTeamCountry "GER"]
[BlackTeamCountry "GER"]

1. c4 e6 2. e4 d5 3. exd5 exd5 4. d4 Nf6 5. Bg5 c5 6. cxd5 Qxd5 7. Bxf6 gxf6 8. Nf3 Bg4 9. Nc3 Qe6+ 10. Be2 Bxf3 11. gxf3 cxd4 12. Qxd4 Nc6 13. Qe4 O-O-O 14. Bc4 Qxe4+ 15. fxe4 Ne5 16. Be2 Bh6 17. Nd5 Rd6 18. f3 Re8 19. Rd1 Kb8 20. Kf2 Rc6 21. Rd4 f5 22. Ne3 fxe4 23. Rxe4 Rce6 24. Rd1 f5 25. Nxf5 Ng4+ 26. Rxg4 Rxe2+ 27. Kg3 Be3 28. Nxe3 R2xe3 29. Rd7 Re2 30. b3 Rxa2 31. Rxh7 Rb2 32. Rb4 Rg8+ 33. Rg4 Rxg4+ 34. fxg4 Rxb3+ 35. Kf4 Kc8 36. Kf5 a5 37. g5 Rf3+ 38. Ke6 Re3+ 39. Kf7 Rf3+ 40. Ke8 a4 41. g6 a3 42. g7 a2 43. g8=Q a1=Q 44. Qc4+ 1-0

[Event "Muensterland Regionalliga 2526"]
[Site "Germany"]
[Date "2025.11.08"]
[Round "3"]
[Board "8"]
[White "Rogowski, Friedrich"]
[Black "Lehmann, Mona"]
[Result "1/2-1/2"]
[WhiteElo "1665"]
[BlackElo "1876"]
[WhiteFideId "-1"]
[BlackFideId "-1"]
[PlyCount "66"]
[GameId "2095107615425779"]
[EventDate "2025.??.??"]
[EventType "team-tourn"]
[EventRounds "9"]
[EventCountry "GER"]
[SourceTitle "Verband Muensterland"]
[SourceDate "2025.09.21"]
[SourceVersion "1"]
[SourceVersionDate "2025.09.21"]
[SourceQuality "1"]
[WhiteTeam "Saerbeck"]
[BlackTeam "Emsdetten Rochade"]
[WhiteTeamCountry "GER"]
[BlackTeamCountry "GER"]

1. e4 c5 2. Nf3 Nc6 3. Bb5 e6 4. Bxc6 bxc6 5. O-O d5 6. Re1 Qc7 7. c3 dxe4 8. Rxe4 Nf6 9. Re1 Ba6 10. d4 Rd8 11. Qc2 Be7 12. Bg5 cxd4 13. cxd4 O-O 14. Nc3 h6 15. Bh4 c5 16. Na4 c4 17. Rac1 Qa5 18. Re5 Rd5 19. Nc3 Rxe5 20. dxe5 Nd5 21. Bxe7 Nxe7 22. Rd1 Bb7 23. Qe2 Nf5 24. g4 Bxf3 25. Qxf3 Nh4 26. Qe3 Ng6 27. f4 Rd8 28. Rxd8+ Qxd8 29. Kf2 Qh4+ 30. Qg3 Qd8 31. Qe3 Qh4+ 32. Qg3 Qd8 33. Qe3 Qh4+ 1/2-1/2

[Event "Muensterland Regionalliga 2526"]
[Site "Germany"]
[Date "2025.12.06"]
[Round "4"]
[Board "1"]
[White "Langhans, Joerg"]
[Black "Tuente, Marcel"]
[Result "1/2-1/2"]
[WhiteElo "1949"]
[BlackElo "1953"]
[WhiteFideId "-1"]
[BlackFideId "-1"]
[PlyCount "20"]
[GameId "2255798264046609"]
[EventDate "2025.??.??"]
[EventType "team-tourn"]
[EventRounds "9"]
[EventCountry "GER"]
[SourceTitle "Verband Muensterland"]
[SourceDate "2025.09.21"]
[SourceVersion "1"]
[SourceVersionDate "2025.09.21"]
[SourceQuality "1"]
[WhiteTeam "Rheine Klein Berlin"]
[BlackTeam "Raesfeld Erle II"]
[WhiteTeamCountry "GER"]
[BlackTeamCountry "GER"]

1. e4 e5 2. Nf3 Nc6 3. Nc3 Be7 4. d4 d6 5. Bb5 exd4 6. Nxd4 Bd7 7. O-O Nxd4 8. Bxd7+ Qxd7 9. Qxd4 Bf6 10. Qd3 Ne7 1/2-1/2

[Event "Muensterland Regionalliga 2526"]
[Site "Germany"]
[Date "2025.12.06"]
[Round "4"]
[Board "2"]
[White "Broemmel, Rudolf"]
[Black "Langhanke, Guenther"]
[Result "1/2-1/2"]
[WhiteElo "1910"]
[BlackElo "1868"]
[WhiteFideId "-1"]
[BlackFideId "-1"]
[PlyCount "30"]
[GameId "2255798264046610"]
[EventDate "2025.??.??"]
[EventType "team-tourn"]
[EventRounds "9"]
[EventCountry "GER"]
[SourceTitle "Verband Muensterland"]
[SourceDate "2025.09.21"]
[SourceVersion "1"]
[SourceVersionDate "2025.09.21"]
[SourceQuality "1"]
[WhiteTeam "Raesfeld Erle II"]
[BlackTeam "Rheine Klein Berlin"]
[WhiteTeamCountry "GER"]
[BlackTeamCountry "GER"]

1. Nc3 c5 2. d4 cxd4 3. Qxd4 Nc6 4. Qh4 Qb6 5. e4 e6 6. Bd3 d6 7. Nge2 Be7 8. Qg3 Nf6 9. O-O Kf8 10. Be3 Qd8 11. f4 Nb4 12. Rad1 Nxd3 13. Rxd3 Qa5 14. Nd4 Bd7 15. e5 Ne8 1/2-1/2

[Event "Muensterland Regionalliga 2526"]
[Site "Germany"]
[Date "2025.12.06"]
[Round "4"]
[Board "3"]
[White "Ratert, Matthias"]
[Black "Terhart, Juergen"]
[Result "1/2-1/2"]
[WhiteElo "1864"]
[BlackElo "1851"]
[WhiteFideId "-1"]
[BlackFideId "-1"]
[PlyCount "28"]
[GameId "2255798264046611"]
[EventDate "2025.??.??"]
[EventType "team-tourn"]
[EventRounds "9"]
[EventCountry "GER"]
[SourceTitle "Verband Muensterland"]
[SourceDate "2025.09.21"]
[SourceVersion "1"]
[SourceVersionDate "2025.09.21"]
[SourceQuality "1"]
[WhiteTeam "Rheine Klein Berlin"]
[BlackTeam "Raesfeld Erle II"]
[WhiteTeamCountry "GER"]
[BlackTeamCountry "GER"]

1. e4 c6 2. Nc3 d5 3. Qe2 dxe4 4. Nxe4 Bf5 5. d3 e6 6. g4 Bxe4 7. dxe4 Bc5 8. Bd2 Qb6 9. O-O-O Bd4 10. c3 Bc5 11. Nf3 Nd7 12. Nd4 Ne7 13. f4 a5 14. Nb3 Bf2 1/2-1/2

[Event "Muensterland Regionalliga 2526"]
[Site "Germany"]
[Date "2025.12.06"]
[Round "4"]
[Board "4"]
[White "Hoffmann, Fabian"]
[Black "Van Dijk, Guido"]
[Result "1-0"]
[WhiteElo "2009"]
[BlackElo "1816"]
[WhiteFideId "-1"]
[BlackFideId "-1"]
[PlyCount "60"]
[GameId "2255798264046612"]
[EventDate "2025.??.??"]
[EventType "team-tourn"]
[EventRounds "9"]
[EventCountry "GER"]
[SourceTitle "Verband Muensterland"]
[SourceDate "2025.09.21"]
[SourceVersion "1"]
[SourceVersionDate "2025.09.21"]
[SourceQuality "1"]
[WhiteTeam "Raesfeld Erle II"]
[BlackTeam "Rheine Klein Berlin"]
[WhiteTeamCountry "GER"]
[BlackTeamCountry "GER"]

1. e4 c6 2. d4 d5 3. exd5 cxd5 4. Nf3 Nf6 5. Bb5+ Bd7 6. Bxd7+ Nbxd7 7. O-O e6 8. Bf4 Nb6 9. c3 Bd6 10. Ne5 Bxe5 11. dxe5 Nfd7 12. Qg4 g6 13. Na3 a6 14. Rfe1 h5 15. Qg3 Qc7 16. Bg5 Nc4 17. Nxc4 Qxc4 18. b3 Qg4 19. Qe3 Rc8 20. Rad1 h4 21. Rd4 Qf5 22. Rxh4 Rxh4 23. Bxh4 Qc2 24. Qg5 f6 25. exf6 Kf7 26. Qg4 Qf5 27. Qb4 Nc5 28. f3 e5 29. Bf2 b6 30. Qxb6 Qe6 1-0

[Event "Muensterland Regionalliga 2526"]
[Site "Germany"]
[Date "2025.12.06"]
[Round "4"]
[Board "5"]
[White "Germann, Norbert"]
[Black "Bergemann, Martin"]
[Result "1/2-1/2"]
[WhiteElo "1777"]
[BlackElo "1891"]
[WhiteFideId "-1"]
[BlackFideId "-1"]
[PlyCount "42"]
[GameId "2255798264046608"]
[EventDate "2025.??.??"]
[EventType "team-tourn"]
[EventRounds "9"]
[EventCountry "GER"]
[SourceTitle "Verband Muensterland"]
[SourceDate "2025.09.21"]
[SourceVersion "1"]
[SourceVersionDate "2025.09.21"]
[SourceQuality "1"]
[WhiteTeam "Rheine Klein Berlin"]
[BlackTeam "Raesfeld Erle II"]
[WhiteTeamCountry "GER"]
[BlackTeamCountry "GER"]

1. d4 Nf6 2. c4 c5 3. d5 b5 4. cxb5 g6 5. Nc3 Bg7 6. Nf3 O-O 7. g3 Bb7 8. Bg2 e6 9. Bg5 h6 10. Bxf6 Bxf6 11. Qd2 Bg7 12. O-O a6 13. bxa6 Nxa6 14. Ne1 e5 15. Nc2 d6 16. Ne3 f5 17. Nc4 Nc7 18. Rfc1 Qf6 19. Nb6 Rad8 20. a4 e4 21. e3 Qe7 1/2-1/2

[Event "Muensterland Regionalliga 2526"]
[Site "Germany"]
[Date "2025.12.06"]
[Round "4"]
[Board "6"]
[White "Boelker, Franz"]
[Black "Hemmert, Michael"]
[Result "1/2-1/2"]
[WhiteElo "1805"]
[BlackElo "1751"]
[WhiteFideId "-1"]
[BlackFideId "-1"]
[PlyCount "113"]
[GameId "2255798264046615"]
[EventDate "2025.??.??"]
[EventType "team-tourn"]
[EventRounds "9"]
[EventCountry "GER"]
[SourceTitle "Verband Muensterland"]
[SourceDate "2025.09.21"]
[SourceVersion "1"]
[SourceVersionDate "2025.09.21"]
[SourceQuality "1"]
[WhiteTeam "Raesfeld Erle II"]
[BlackTeam "Rheine Klein Berlin"]
[WhiteTeamCountry "GER"]
[BlackTeamCountry "GER"]

1. d4 d5 2. c4 e6 3. Nc3 Nf6 4. Bg5 Be7 5. Nf3 h6 6. Bh4 O-O 7. e3 Nbd7 8. Rc1 dxc4 9. Bxc4 Nb6 10. Bd3 Nbd5 11. Ne5 Nd7 12. Nxd5 exd5 13. Bxe7 Qxe7 14. Rxc7 Qb4+ 15. Qd2 Nxe5 16. dxe5 Qb6 17. Qc3 Be6 18. O-O Rac8 19. Rxc8 Rxc8 20. Qd4 Qa5 21. a3 a6 22. f4 Rc6 23. f5 Bc8 24. Rd1 f6 25. e6 Qc5 26. Qxc5 Rxc5 27. e4 Kf8 28. exd5 Rxd5 29. Bc2 Rc5 30. Be4 Rc7 31. Kf2 Ke7 32. Rd2 g6 33. g4 b6 34. Rc2 Rxc2+ 35. Bxc2 a5 36. fxg6 Bxe6 37. Bf5 Bb3 38. Ke3 Kf8 39. Kf4 Kg7 40. h4 Bc4 41. Ke3 Bb3 42. Kd4 Ba2 43. Kc3 Bd5 44. b4 a4 45. Kd4 Bb3 46. Ke4 Kf8 47. g5 fxg5 48. hxg5 hxg5 49. Kf3 Ke7 50. Kg3 Kf6 51. Bb1 Bd5 52. Bc2 Bb3 53. Bb1 Bd5 54. Bc2 Bc6 55. Bd3 Be8 56. Bc2 Bb5 57. Bb1 1/2-1/2

[Event "Muensterland Regionalliga 2526"]
[Site "Germany"]
[Date "2025.12.06"]
[Round "4"]
[Board "7"]
[White "Horstmann, Michael"]
[Black "Broemmel, Chris"]
[Result "0-1"]
[WhiteElo "1672"]
[BlackElo "1827"]
[WhiteFideId "-1"]
[BlackFideId "-1"]
[PlyCount "52"]
[GameId "2255798264046613"]
[EventDate "2025.??.??"]
[EventType "team-tourn"]
[EventRounds "9"]
[EventCountry "GER"]
[SourceTitle "Verband Muensterland"]
[SourceDate "2025.09.21"]
[SourceVersion "1"]
[SourceVersionDate "2025.09.21"]
[SourceQuality "1"]
[WhiteTeam "Rheine Klein Berlin"]
[BlackTeam "Raesfeld Erle II"]
[WhiteTeamCountry "GER"]
[BlackTeamCountry "GER"]

1. d4 Nf6 2. Nc3 d5 3. Bf4 Bf5 4. e3 a6 5. Bd3 Bg6 6. h4 Bxd3 7. cxd3 e6 8. Qb3 b5 9. Nf3 Bd6 10. Bxd6 Qxd6 11. Ne5 c5 12. Qa3 b4 13. Qa4+ Nbd7 14. Ne2 O-O 15. Nxd7 Nxd7 16. Rc1 Rfc8 17. O-O a5 18. Qd1 c4 19. Nf4 a4 20. dxc4 dxc4 21. Qf3 a3 22. bxa3 Rxa3 23. Qe2 Nb6 24. Rfd1 Rca8 25. Rd2 Qe7 26. d5 c3 0-1

[Event "Muensterland Regionalliga 2526"]
[Site "Germany"]
[Date "2025.12.06"]
[Round "4"]
[Board "8"]
[White "Harrison, Falk"]
[Black "Hauk, Viktor"]
[Result "0-1"]
[WhiteElo "1640"]
[BlackElo "1857"]
[WhiteFideId "-1"]
[BlackFideId "-1"]
[PlyCount "55"]
[GameId "2255798264046614"]
[EventDate "2025.??.??"]
[EventType "team-tourn"]
[EventRounds "9"]
[EventCountry "GER"]
[SourceTitle "Verband Muensterland"]
[SourceDate "2025.09.21"]
[SourceVersion "1"]
[SourceVersionDate "2025.09.21"]
[SourceQuality "1"]
[WhiteTeam "Raesfeld Erle II"]
[BlackTeam "Rheine Klein Berlin"]
[WhiteTeamCountry "GER"]
[BlackTeamCountry "GER"]

1. e4 d5 2. exd5 Qxd5 3. Nc3 Qd6 4. d4 Nf6 5. h3 c6 6. Nf3 Bf5 7. g4 Bg6 8. Ne5 Ne4 9. Qf3 Nxc3 10. Qxc3 Be4 11. f3 Bd5 12. Bf4 Qf6 13. Qe3 Qh4+ 14. Kd2 f6 15. Nd3 Nd7 16. Bc7 g5 17. Re1 Nb6 18. b3 Bf7 19. Bxb6 axb6 20. a4 O-O-O 21. Kc1 e6 22. Kb2 Bd6 23. Bg2 Bg3 24. Re2 Rhe8 25. f4 gxf4 26. Nxf4 e5 27. dxe5 Rxe5 28. Qf3 0-1

[Event "Muensterland Regionalliga 2526"]
[Site "Germany"]
[Date "2025.12.06"]
[Round "4"]
[Board "1"]
[White "Rieke, Theo"]
[Black "Mueller, Achim"]
[Result "1/2-1/2"]
[WhiteElo "1955"]
[BlackElo "2010"]
[WhiteFideId "-1"]
[BlackFideId "-1"]
[PlyCount "37"]
[GameId "2255797289599556"]
[EventDate "2025.??.??"]
[EventType "team-tourn"]
[EventRounds "9"]
[EventCountry "GER"]
[SourceTitle "Verband Muensterland"]
[SourceDate "2025.09.21"]
[SourceVersion "1"]
[SourceVersionDate "2025.09.21"]
[SourceQuality "1"]
[WhiteTeam "Steinfurt"]
[BlackTeam "Emsdetten Rochade"]
[WhiteTeamCountry "GER"]
[BlackTeamCountry "GER"]

1. Nf3 d6 2. d4 f5 3. g3 Nf6 4. Bg2 g6 5. O-O Bg7 6. b3 O-O 7. Bb2 a5 8. c4 Na6 9. Nc3 c6 10. e3 Qc7 11. Qe2 e5 12. dxe5 dxe5 13. Rad1 e4 14. Nd4 Re8 15. Ba3 Ng4 16. Na4 Bd7 17. c5 Ne5 18. Nb6 Rad8 19. Nc4 1/2-1/2

[Event "Muensterland Regionalliga 2526"]
[Site "Germany"]
[Date "2025.12.06"]
[Round "4"]
[Board "2"]
[White "Hiller, Simon"]
[Black "Arning, Marcus"]
[Result "1-0"]
[WhiteElo "2148"]
[BlackElo "1921"]
[WhiteFideId "-1"]
[BlackFideId "-1"]
[PlyCount "117"]
[GameId "2255797289599558"]
[EventDate "2025.??.??"]
[EventType "team-tourn"]
[EventRounds "9"]
[EventCountry "GER"]
[SourceTitle "Verband Muensterland"]
[SourceDate "2025.09.21"]
[SourceVersion "1"]
[SourceVersionDate "2025.09.21"]
[SourceQuality "1"]
[WhiteTeam "Emsdetten Rochade"]
[BlackTeam "Steinfurt"]
[WhiteTeamCountry "GER"]
[BlackTeamCountry "GER"]

1. d4 d5 2. c4 e5 3. dxe5 d4 4. Nf3 Nc6 5. g3 Nge7 6. Bg2 Ng6 7. Bg5 Qd7 8. O-O h6 9. Bf4 Nxf4 10. gxf4 g5 11. f5 g4 12. e6 fxe6 13. fxe6 Qg7 14. Ne1 Bxe6 15. Nd3 O-O-O 16. Qa4 Bd7 17. Nd2 Ne5 18. Qxa7 Bc6 19. Ne4 Nf3+ 20. exf3 gxf3 21. Ng3 fxg2 22. Rfe1 Bd6 23. Nf5 Qf6 24. Nxd6+ cxd6 25. Nb4 Rhf8 26. Re2 d3 27. Nxc6 dxe2 28. Nxd8 Rxd8 29. Qa8+ Kc7 30. Qa5+ Kc8 31. Qd2 Re8 32. Re1 Qe6 33. Qd4 Kc7 34. a4 Rg8 35. Qe3 Qg4 36. Qxe2 Qh3 37. Qe7+ Qd7 38. f3 Qxe7 39. Rxe7+ Kc6 40. b4 b6 41. Re2 Rf8 42. Kxg2 Rf4 43. Re4 Rf6 44. Rd4 Rf8 45. Kg3 Ra8 46. b5+ Kc7 47. f4 Rxa4 48. f5 Kd7 49. Kg4 Ke7 50. Kh5 d5 51. Kg6 Rxc4 52. f6+ Kf8 53. Rxd5 Rg4+ 54. Kf5 Rg2 55. h4 Rc2 56. Rd8+ Kf7 57. Rd7+ Kf8 58. Rb7 Rf2+ 59. Kg6 1-0

[Event "Muensterland Regionalliga 2526"]
[Site "Germany"]
[Date "2025.12.06"]
[Round "4"]
[Board "3"]
[White "Bahceci, Caner"]
[Black "Lemli, Thomas"]
[Result "1-0"]
[WhiteElo "1831"]
[BlackElo "1965"]
[WhiteFideId "-1"]
[BlackFideId "-1"]
[PlyCount "67"]
[GameId "2255797289599560"]
[EventDate "2025.??.??"]
[EventType "team-tourn"]
[EventRounds "9"]
[EventCountry "GER"]
[SourceTitle "Verband Muensterland"]
[SourceDate "2025.09.21"]
[SourceVersion "1"]
[SourceVersionDate "2025.09.21"]
[SourceQuality "1"]
[WhiteTeam "Steinfurt"]
[BlackTeam "Emsdetten Rochade"]
[WhiteTeamCountry "GER"]
[BlackTeamCountry "GER"]

1. e4 c6 2. d4 d5 3. e5 Bf5 4. h4 Qc7 5. g4 Bd7 6. Bh3 c5 7. c3 e6 8. h5 Bb5 9. a3 Nd7 10. Be3 Ne7 11. Nd2 h6 12. f4 Bd3 13. Rc1 c4 14. b4 f5 15. Bf1 Bxf1 16. Nxf1 O-O-O 17. Ng3 Qc6 18. gxf5 Nxf5 19. Nxf5 exf5 20. Nf3 g6 21. Qc2 Be7 22. Rg1 Rhg8 23. hxg6 Qe6 24. g7 Qf7 25. Qg2 Nb6 26. Qg6 Qxg6 27. Rxg6 Rd7 28. e6 Rc7 29. Ke2 Na4 30. Ne5 Bh4 31. Nf7 Re7 32. Kd2 Rc7 33. Rxh6 Be7 34. Rh8 1-0

[Event "Muensterland Regionalliga 2526"]
[Site "Germany"]
[Date "2025.12.06"]
[Round "4"]
[Board "4"]
[White "Delere, Adrian"]
[Black "Plotz, Noah"]
[Result "0-1"]
[WhiteElo "1823"]
[BlackElo "1861"]
[WhiteFideId "-1"]
[BlackFideId "-1"]
[PlyCount "70"]
[GameId "2255797289599562"]
[EventDate "2025.??.??"]
[EventType "team-tourn"]
[EventRounds "9"]
[EventCountry "GER"]
[SourceTitle "Verband Muensterland"]
[SourceDate "2025.09.21"]
[SourceVersion "1"]
[SourceVersionDate "2025.09.21"]
[SourceQuality "1"]
[WhiteTeam "Emsdetten Rochade"]
[BlackTeam "Steinfurt"]
[WhiteTeamCountry "GER"]
[BlackTeamCountry "GER"]

1. f4 c5 2. Nf3 Nc6 3. g3 g6 4. Bg2 Bg7 5. e4 d6 6. O-O Nf6 7. Nc3 Rb8 8. a4 a6 9. Qe2 Bg4 10. h3 Bxf3 11. Qxf3 O-O 12. d3 Nd4 13. Qf2 b5 14. axb5 axb5 15. Be3 Nd7 16. Rab1 b4 17. Na4 b3 18. cxb3 Rxb3 19. Nc3 e6 20. Ne2 Nxe2+ 21. Qxe2 Qb6 22. Kh2 Rxb2 23. Rxb2 Qxb2 24. Qd1 Rb8 25. Rf2 Qb3 26. Rc2 Qa3 27. Bc1 Rb1 28. Qd2 Qb4 29. Qe2 Nb6 30. Be3 Qe1 31. e5 Qxe2 32. Rxe2 dxe5 33. fxe5 Bf8 34. Bc6 Nd5 35. Bf2 Rb3 0-1